| 000 | 00607nam a2200241Ia 4500 | ||
|---|---|---|---|
| 003 | OSt | ||
| 005 | 20221007072341.0 | ||
| 006 | a|||||r|||| 00| 0 | ||
| 007 | ta | ||
| 008 | 221006b |||||||| |||| 00| 0 eng d | ||
| 024 | _a19,141 | ||
| 037 | _cTextual | ||
| 040 |
_aFLL _cFLL _beng |
||
| 041 |
_2eng _aeng |
||
| 082 | _aZ:81, K3 | ||
| 100 |
_aWalton Anthony _9690460 |
||
| 245 | 0 | _aLaw of arbitration | |
| 250 | _a17th | ||
| 260 |
_aLondon _bStevens & Sons Ltd. England _c1963 |
||
| 300 |
_a477p _ccm. |
||
| 942 |
_hZ:81, K3 _cTEXL _2CC |
||
| 999 |
_c1145827 _d1145827 |
||